000
00312pab a2200121 454500
008
180718b xxu||||| |||| 00| 0 eng d
100
_a
Black, Richard
245
_a
Planning for refugees in Zambia
650
_a
Refugees - Zambia
700
_a
Mabwe, Thomas
773
_a
Third World Planning Review
909
_a
21493
999
_c
21493
_d
21493